000 00925nmm a2200253 a 4500
001 ocm000702676
003 TR-IsHL
005 20201028131401.0
008 131028s2005 tu tur
007 cr cn
035 _a702676
_b(N$T)
050 0 4 _aLF5170
_b.D56 2005
090 0 4 _aLF5170
_b.D56 2005
100 1 _aDinçer, F. Çağlayan
245 1 0 _aAnkara üniversitesi eğitim bilimler fakültesi tanıtım kitabı 2004-2005 eğitim öğretim yılı
_h[electronic resource] /
_cF. Çağlayan Dinçer
260 _aAnkara :
_bAnkara Üniversitesi,
_c2005
300 _a840 p.
650 4 _aEğitim
650 4 _aEducation
650 0 _aÜniversiteler ve kolejler
_x Türkiye
_x Ankara
650 0 _aUniversities and colleges
_x Turkey
_x Ankara
650 7 _aSTUDY AIDS / High School Entrance
_2bisacsh
856 4 0 _uhttp://search.ebscohost.com/login.aspx?direct=true&scope=site&db=e011xww&AN=702676
999 _c4535
_d4535